| 000 | 00607cam a2200181 4500 | ||
|---|---|---|---|
| 082 |
_a629.83 _bLAU _cL-11, P-04 |
||
| 100 | 1 |
_aLauer, Henri. _944479 |
|
| 245 | 1 | 0 |
_aServomechanism fundamentals, _cby Henri Lauer, Robert Lesnick and Leslie E. Matson ... |
| 250 | _a1st ed. | ||
| 260 |
_aNew York, _aLondon, _bMcGraw-Hill Book Company, inc., _c1947. |
||
| 300 |
_axi, 277 p. _billus., diagrs. _c24 cm. |
||
| 526 |
_a0 _b0 _c0 _d629_830000000000000_LAU |
||
| 650 | 0 |
_aMCE _9379 |
|
| 650 | 0 |
_aServomechanisms. _944480 |
|
| 700 | 1 |
_aLesnick, Robert, _944481 |
|
| 700 | 1 |
_aMatson, Leslie E., _944482 |
|
| 942 |
_2ddc _cBK |
||
| 999 |
_c548258 _d548258 |
||